000 02247nam a22002537a 4500
005 20250107150334.0
008 250107b ||||| |||| 00| 0 eng d
020 _a9781620973431
040 _cAL
041 _aEnglish
082 _223
_a320.5
_bCHOR
100 _aNoam Chomsky
_9192495
245 _aResponsibility of Intellectuals
260 _aNew York
_bThe New Press
_c2017
300 _avii,145 p.
_bHB
_c18.5x12 cm.
365 _aBOM5-261960
_b₹711.98
_c
_d₹734.00
_e22.02
_f18-12-2024
520 _aIn one of his most famous essays, Noam Chomsky lays out the idea that intellectuals' relative privilege imbues them with greater responsibility--one that was to be the guiding principle of his intellectual life "Chomsky is a global phenomenon. . . . He may be the most widely read American voice on foreign policy on the planet." --The New York Times Book Review As a nineteen-year-old undergraduate in 1947, Noam Chomsky was deeply affected by articles about the responsibility of intellectuals written by Dwight Macdonald, an editor of Partisan Review and then of Politics. Twenty years later, as the Vietnam War was escalating, Chomsky turned to the question himself, noting that "intellectuals are in a position to expose the lies of governments" and to analyze their "often hidden intentions." Originally published in the New York Review of Books, Chomsky's essay eviscerated the "hypocritical moralism of the past" (such as when Woodrow Wilson set out to teach Latin Americans "the art of good government") and exposed the destructive policies in Vietnam and the role of intellectuals in justifying them. Chomsky then turns to the "war on terror" and "enhanced interrogation" of the Bush years in "The Responsibility of Intellectuals Redux," an essay written on the tenth anniversary of 9/11. As relevant now as it was in 1967, The Responsibility of Intellectuals reminds us that "privilege yields opportunity and opportunity confers responsibilities."
650 _a Philosophy
_9192496
650 _aPolitical Science
_9192497
650 _aPolitical Ideologies
_9192498
650 _aHistory | United States | 20th Century
_9192499
650 _aTo Speak the Truth and to Expose Lies
_9192500
942 _2ddc
_cBK
999 _c233540
_d233540